00578nam a2200217Ia 4500001000900000003000500009005001700014008004100031010001100072020001800083040000900101082001700110100002100127245006800148260004300216300001100259440001800270503001300288650002400301650003500325dia_3431CHAP20251023160541.0220117s1982 xx 000 0 und d a173895 a0-07-042720-8 cCHAP a658 M65 1982 aMonks, Joseph G. aOperations management; theory and problems /c Joseph G. Monks aNew York, USA :b Mc Graw-Hill,c1982 a725 p. aIn management aI.163081 a1.Administración  aInvestigación de operaciones